Introduction à l'analyse des territoires : Concepts, outils, applications (notice n° 1566713)
[ vue normale ]
| 000 -LEADER | |
|---|---|
| fixed length control field | 01427cam a2200145 4500500 |
| 005 - DATE AND TIME OF LATEST TRANSACTION | |
| control field | 20251214002041.0 |
| 041 ## - LANGUAGE CODE | |
| Language code of text/sound track or separate title | fre |
| 042 ## - AUTHENTICATION CODE | |
| Authentication code | dc |
| 100 10 - MAIN ENTRY--PERSONAL NAME | |
| Personal name | Goeury, David |
| Relator term | author |
| 245 00 - TITLE STATEMENT | |
| Title | Introduction à l'analyse des territoires : Concepts, outils, applications |
| 260 ## - PUBLICATION, DISTRIBUTION, ETC. | |
| Name of publisher, distributor, etc. | Armand Colin,<br/> |
| Date of publication, distribution, etc. | 2016.<br/> |
| 520 ## - SUMMARY, ETC. | |
| Summary, etc. | Cet ouvrage propose une introduction transversale et complète à la notion de territoire. Il a pour objectif d’apporter les bases théoriques indispensables pour comprendre les phénomènes de territorialisation. Il en présente d’abord les quatre clés de lecture classiques (géoenvironnementale, géoéconomique, géopolitique et géoculturelle) avant d’interroger les processus qui renouvellent la question territoriale (mondialisation, métropolisation et intégration régionale). Il conclut sur les pratiques des aménageurs à travers la question du rapport entre pouvoirs publics et territoires, et celle des outils et méthodes du diagnostic territorial. Chaque chapitre articule définitions, réflexion géohistorique, références scientifiques et grands débats contemporains, et est assorti d’une étude de cas afin de proposer des exemples diversifiés d’un point de vue géographique et méthodologique. |
| 700 10 - ADDED ENTRY--PERSONAL NAME | |
| Personal name | Sierra, Philippe |
| Relator term | author |
| 856 41 - ELECTRONIC LOCATION AND ACCESS | |
| Uniform Resource Identifier | <a href="https://shs.cairn.info/introduction-a-l-analyse-des-territoires--9782200293024?lang=fr&redirect-ssocas=7080">https://shs.cairn.info/introduction-a-l-analyse-des-territoires--9782200293024?lang=fr&redirect-ssocas=7080</a> |
Pas d'exemplaire disponible.




Réseaux sociaux